000 00518nam a2200217Ia 4500
008 210210b2008 xxu||||| |||| 00| 0 eng d
020 _a9780070620223
041 _aeng
082 _a658.83 BERM
100 _aBERI (G C)
245 _aMarketing research Ed 4
250 _a
260 _aNew Delhi
_bTata McGraw-Hill Publishing Company Ltd.
_c2008
300 _axviii--579
650 _aresearch
650 _aMarketing
650 _aEd
650 _a4
690 _aMarketing Research
906 _a063058
999 _c131764
_d131764